Photo Quiz: Musicians Named David #2 - Statistics

General Stats
  • This quiz has been taken 72 times
  • The average score is 5 of 20
Answer Stats
Picture Hint Answer % Correct
USA 70's Pop David Cassidy
74%
Ireland (Stage Name) The Edge (Dave Evans)
72%
US Actor/Singer 70's David Soul
59%
UK 70's David Essex
44%
UK Synth- Pop/Goth David Gahan
35%
UK 60's Dave Clark
31%
UK Rock 60's/70's/80's David Gilmour
29%
UK Singer Songwriter 1990's/2000's David Gray
24%
USA 60's/70's Soul. Member of Vocal Group David Ruffin
21%
USA 70's Pre-Punk David Johansen
19%
UK 80's Synth Pop Dave Ball
15%
UK 1960's Dave Dee
15%
UK Britpop 90's Dave Rowntree
13%
UK 80's Ska Dave Wakeling
10%
UK 80's Soul/Disco David Grant
10%
UK Indie 80's onwards David Gedge
4%
UK 80's Goth David J (Haskins)
4%
UK 1990's David McAlmont
3%
Australia 80's Alt David McComb
3%
USA Jazz R&B (1918-2019) Dave Bartholemew
0%
No matching quizzes found
Score Distribution
Percent of People with Each Score
Percentile by Number Answered
Your Score History
You have not taken this quiz